Vocab espagnol - Statistiques

Statistiques générales
  • Ce quiz a été pris 11 fois
  • Le résultat moyen est 10 sur 25
Statistiques - réponses
Hint Réponse % Correct
Actualidad Actualité
90%
Migrante Migrant
90%
Compatriotas Compatriotes
80%
Integración Intégration
80%
Aceptación Acceptation
70%
Explosión musical Explosion musicale
70%
Clase social Classe sociale
60%
Orientación sexual Orientation sexuelle
60%
Salsa Salsa
60%
Barreras Barrières
50%
Ritmos Rythmes
50%
Comunidad migrante Communauté migrante
40%
Discotecas Discothèques
40%
Jóvenes locales Jeunes locaux
40%
Ondas radiofónicas Ondes radiophoniques
40%
Restaurantes latinos Restaurants latinos
40%
Merengue Merengue
30%
Culturas juveniles Cultures juvéniles
20%
Hilo musical Fil musical
10%
Noticieros Bulletins d’information
0%
Catedrático Catedratique (professeur d’université)
0%
Asesoría legal Conseil légal
0%
Emisora Émetteur (radio)
0%
Esperanto musical langue universelle
0%
Pinchar música passer de la musique
0%
Aucun quiz correspondant
Distribution des résultats
% des personnes avec chaque résultat
Percentile par nombre de réponses
Votre historique - résultats
Vous n’avez pas pris ce quiz